00639nam a2200193Ia 4500003000900000008004100009040001600050080001400066245009700080260003300177300001000210500002600220650001800246650004100264700002800305942000700333999001500340952009000355IN-BaIIA211028s9999 xx 000 0 eng d cIIA Library a52bBEE-4 0aVitas in Astronomybvol. 4cedited by Arthur Beer  aOxfordbPergamon Pressc1961 a194p. aDonated by Mrs. Bappu aAstronomy980 aAstronomy and Astrophysics Thesaurus aBeer, Arthur, ed.93137 cBK c7565d7565 00104070aBANbBANcGENd1983-07-18l0o52/ BEE-4p8379r2021-11-05w1983-07-18yBK